000 00255nam a22001217a 4500
008 181217b xxu||||| |||| 00| 0 eng d
041 _aeng
080 _a004
100 _a38
101 _aSHK
245 _aShort Run Spc
_cDonald.J.W
942 _2udc
_cBK
999 _c53135
_d53135